<?xml version="1.0" encoding="UTF-8"?>
<record
    xmlns:xsi="http://www.w3.org/2001/XMLSchema-instance"
    xsi:schemaLocation="http://www.loc.gov/MARC21/slim http://www.loc.gov/standards/marcxml/schema/MARC21slim.xsd"
    xmlns="http://www.loc.gov/MARC21/slim">

  <leader>00342    a2200085   4500</leader>
  <datafield tag="100" ind1=" " ind2=" ">
    <subfield code="a">&#x915;&#x93E;&#x938;&#x916;&#x947;&#x921;&#x940;&#x915;&#x930;, &#x928;&#x92F;&#x928;&#x93E; </subfield>
    <subfield code="9">211975</subfield>
  </datafield>
  <datafield tag="245" ind1=" " ind2=" ">
    <subfield code="a">&#x938;&#x94D;&#x935;&#x93E;&#x924;&#x902;&#x924;&#x94D;&#x930;&#x94D;&#x92F;&#x932;&#x922;&#x94D;&#x92F;&#x93E;&#x924;&#x940;&#x932; &#x930;&#x93E;&#x937;&#x94D;&#x91F;&#x94D;&#x930;&#x940;&#x92F; &#x92A;&#x924;&#x94D;&#x930;&#x915;&#x93E;&#x930;&#x93F;&#x924;&#x93E; /</subfield>
  </datafield>
  <datafield tag="250" ind1=" " ind2=" ">
    <subfield code="a">1</subfield>
  </datafield>
  <datafield tag="260" ind1=" " ind2=" ">
    <subfield code="b">&#x915;&#x93E;&#x938;&#x916;&#x947;&#x921;&#x940;&#x915;&#x930;, &#x928;&#x92F;&#x928;&#x93E; </subfield>
    <subfield code="c">2022</subfield>
  </datafield>
  <datafield tag="999" ind1=" " ind2=" ">
    <subfield code="c">366115</subfield>
    <subfield code="d">366115</subfield>
  </datafield>
</record>
